Seleziona la casella - Premi Oscar - Statistics

Statistiche generali
  • Questo quiz è stato fatto 247 volte
  • Il punteggio medio è 40 su 80
Statistiche sulle risposte
Domanda Casella Select % Corretto
gli attori con più vittorie per miglior attore / miglior attore non protagonista Peter O'Toole No
92%
gli attori con più vittorie per miglior attore / miglior attore non protagonista Clark Gable No
89%
le attrici con più vittorie per miglior attrice / miglior attrice non protagonista Gloria Swanson No
86%
gli italiani premiati in almeno una categoria Roberto Benigni
85%
i premiati per la miglior regia Terrence Malick No
83%
le pellicole premiate come miglior film Viale del tramonto No
83%
gli italiani premiati in almeno una categoria Virna Lisi No
81%
gli attori con più vittorie per miglior attore / miglior attore non protagonista Robert Redford No
80%
i premiati per la miglior regia Steven Spielberg
79%
le attrici con più vittorie per miglior attrice / miglior attrice non protagonista Liza Minnelli No
78%
gli italiani premiati in almeno una categoria Giancarlo Giannini No
77%
gli attori con più vittorie per miglior attore / miglior attore non protagonista Matt Damon No
77%
gli italiani premiati in almeno una categoria Ennio Morricone
75%
le attrici con più vittorie per miglior attrice / miglior attrice non protagonista Glenn Close No
74%
le attrici con più vittorie per miglior attrice / miglior attrice non protagonista Maryl Streep
72%
gli attori con più vittorie per miglior attore / miglior attore non protagonista Russell Crowe No
72%
gli attori con più vittorie per miglior attore / miglior attore non protagonista Tom Cruise No
72%
le pellicole premiate come miglior film Via col vento
72%
i premiati per la miglior regia George Lukas No
71%
i premiati per la miglior regia Ingmar Bergman No
70%
le pellicole premiate come miglior film Quarto potere No
70%
gli italiani premiati in almeno una categoria Federico Fellini
68%
gli attori con più vittorie per miglior attore / miglior attore non protagonista Leonardo DiCaprio No
68%
le pellicole premiate come miglior film Psycho No
68%
gli italiani premiati in almeno una categoria Gina Lollobrigida No
67%
gli italiani premiati in almeno una categoria Massimo Troisi No
67%
gli italiani premiati in almeno una categoria Sophia Loren
67%
gli italiani premiati in almeno una categoria Monica Bellucci No
66%
le pellicole premiate come miglior film Blade Runner No
65%
i premiati per la miglior regia Pedro Almodovar No
64%
gli attori con più vittorie per miglior attore / miglior attore non protagonista Robert De Niro
63%
gli attori con più vittorie per miglior attore / miglior attore non protagonista Jack Nicholson
62%
le attrici con più vittorie per miglior attrice / miglior attrice non protagonista Grace Kelly No
61%
i premiati per la miglior regia James Cameron
61%
gli attori con più vittorie per miglior attore / miglior attore non protagonista Tom Hanks
61%
le pellicole premiate come miglior film Taxi driver No
60%
gli italiani premiati in almeno una categoria Vittorio De Sica
57%
le pellicole premiate come miglior film Apocalypse now No
56%
le pellicole premiate come miglior film Il Padrino - Parte III No
55%
gli italiani premiati in almeno una categoria Vittorio Gassman No
55%
le pellicole premiate come miglior film Balla coi lupi
54%
gli italiani premiati in almeno una categoria Marcello Mastroianni No
54%
le attrici con più vittorie per miglior attrice / miglior attrice non protagonista Audrey Hepburn No
52%
gli attori con più vittorie per miglior attore / miglior attore non protagonista Al Pacino No
49%
gli attori con più vittorie per miglior attore / miglior attore non protagonista Marlon Brando
48%
le attrici con più vittorie per miglior attrice / miglior attrice non protagonista Julia Roberts No
47%
gli attori con più vittorie per miglior attore / miglior attore non protagonista Denzel Washington
46%
le attrici con più vittorie per miglior attrice / miglior attrice non protagonista Jodie Foster
44%
le pellicole premiate come miglior film La La Land No
44%
i premiati per la miglior regia Stanley Kubrick No
44%
i premiati per la miglior regia Alfred Hitchcock No
43%
le attrici con più vittorie per miglior attrice / miglior attrice non protagonista Katharine Hepburn
40%
gli attori con più vittorie per miglior attore / miglior attore non protagonista Daniel Day-Lewis
39%
le pellicole premiate come miglior film Gandhi
38%
gli italiani premiati in almeno una categoria Anna Magnani
37%
le attrici con più vittorie per miglior attrice / miglior attrice non protagonista Ingrid Bergman
35%
gli attori con più vittorie per miglior attore / miglior attore non protagonista Sean Penn
35%
le pellicole premiate come miglior film La mia Africa
33%
i premiati per la miglior regia Quentin Tarantino No
32%
le pellicole premiate come miglior film Il caso Spotlight
31%
i premiati per la miglior regia Alfonso Cuaron
28%
i premiati per la miglior regia Kevin Costner
28%
i premiati per la miglior regia Chloè Zhao
25%
le attrici con più vittorie per miglior attrice / miglior attrice non protagonista Bette Davis
24%
le attrici con più vittorie per miglior attrice / miglior attrice non protagonista Frances McDormand
23%
i premiati per la miglior regia Robert Redford
21%
i premiati per la miglior regia Ang Lee
20%
gli italiani premiati in almeno una categoria Giorgio Moroder
18%
le pellicole premiate come miglior film Il ponte sul fiume Kwai
17%
le attrici con più vittorie per miglior attrice / miglior attrice non protagonista Shelley Winters
17%
i premiati per la miglior regia Billy Wilder
16%
i premiati per la miglior regia Danny Boyle
16%
le pellicole premiate come miglior film Crash - Contatto fisico
15%
le attrici con più vittorie per miglior attrice / miglior attrice non protagonista Glenda Jackson
14%
le attrici con più vittorie per miglior attrice / miglior attrice non protagonista Olivia de Havilland
14%
le attrici con più vittorie per miglior attrice / miglior attrice non protagonista Sally Field
14%
gli italiani premiati in almeno una categoria Elio Petri
12%
le pellicole premiate come miglior film Patton
11%
gli attori con più vittorie per miglior attore / miglior attore non protagonista Peter Ustinov
11%
gli italiani premiati in almeno una categoria Milena Canonero
10%
Nessun quiz corrispondente trovato
Distribuzione punteggi
Percentuale di utenti per punteggio
Percentile per numero di risposta
I tuoi punteggi nel tempo
Non hai fatto questo quiz